[Event "IECC CL7-1999.27 "]
[Site "IECC email"]
[Date "1999.06.22"]
[Round "?"]
[White "Meletti, Jorge"]
[Black "Karlsson, Roger"]
[Result "1-0"]
[WhiteElo "1028"]
[BlackElo "956"]
[PlyCount "73"]
[EventDate "1999.??.??"]
[EventType "tourn (corr)"]
[EventRounds "4"]
[SourceTitle "Corr 2008"]
[Source "ChessBase"]
[SourceDate "2008.06.24"]
[SourceVersion "1"]
[SourceVersionDate "2008.06.24"]
[SourceQuality "1"]

1. e4 e5 2. Nf3 Nc6 3. Bb5 Nf6 4. d3 Bc5 5. Bxc6 bxc6 6. Nxe5 0-0 7. Bg5 Bd6 8. Ng4 Rb8 9. e5 Re8 10. Bxf6 Be7 11. Bxe7 Qxe7 12. b3 f5 13. Ne3 Rf8 14. Nd2 Qxe5 15. 0-0 d5 16. Qe1 f4 17. Nxd5 Qxd5 18. Qe7 Qf7 19. Rae1 Ba6 20. c4 Rbe8 21. Qxf7+ Kxf7 22. f3 Rxe1 23. Rxe1 g5 24. Ne4 Re8 25. Nxg5+ Kf8 26. Nxh7+ Kf7 27. Ng5+ Kf8 28. Re4 Rxe4 29. dxe4 Bc8 30. Nh3 Bxh3 31. gxh3 Kf7 32. Kg2 c5 33. h4 Kf6 34. Kh3 Kg6 35. Kg4 c6 36. Kxf4 Kh5 37. Kf5 1-0

[Event "IECC CL7-1999.20"]
[Site "IECC email"]
[Date "1999.04.23"]
[Round "?"]
[White "Meletti, Jorge"]
[Black "Keaton, Jack"]
[Result "1-0"]
[WhiteElo "1022"]
[BlackElo "865"]
[PlyCount "47"]
[EventDate "1999.??.??"]
[EventType "tourn (corr)"]
[EventRounds "4"]
[SourceTitle "Corr 2008"]
[Source "ChessBase"]
[SourceDate "2008.06.24"]
[SourceVersion "1"]
[SourceVersionDate "2008.06.24"]
[SourceQuality "1"]

1. e4 d5 2. exd5 Nf6 3. Nc3 Nxd5 4. Nxd5 Qxd5 5. Nf3 Bg4 6. Be2 Nc6 7. c3 0-0-0 8. d4 Qd7 9. Ng5 Qd5 10. Bxg4+ f5 11. Bf3 Qc4 12. d5 Ne5 13. Qd4 Qxd4 14. cxd4 Nd3+ 15. Ke2 Nxc1+ 16. Raxc1 Rg8 17. Nxh7 c6 18. dxc6 bxc6 19. Rxc6+ Kd7 20. Rhc1 Rh8 21. Nxf8+ Rdxf8 22. Rc7+ Ke6 23. Rxa7 Rxh2 24. b4 1-0

[Event "IECC O email"]
[Site "IECC email"]
[Date "1999.04.16"]
[Round "?"]
[White "Meletti, Jorge"]
[Black "Breckenridge, J Steven"]
[Result "1-0"]
[WhiteElo "1000"]
[BlackElo "1138"]
[PlyCount "59"]
[EventDate "1999.??.??"]
[EventType "tourn (corr)"]
[EventRounds "6"]
[SourceTitle "Corr 2008"]
[Source "ChessBase"]
[SourceDate "2008.06.24"]
[SourceVersion "1"]
[SourceVersionDate "2008.06.24"]
[SourceQuality "1"]

1. e4 c5 2. Nc3 Nc6 3. Bb5 g6 4. Bxc6 bxc6 5. Nf3 d5 6. d3 e6 7. e5 d4 8. Ne4 Ba6 9. Bg5 Qb6 10. Nf6+ Nxf6 11. Bxf6 Rg8 12. b3 Qb4+ 13. Qd2 Rb8 14. Qxb4 Rxb4 15. a4 Bh6 16. 0-0 Bg7 17. Ng5 Bxf6 18. exf6 h6 19. Ne4 g5 20. Nxc5 Bc8 21. f4 Kd8 22. fxg5 Rxg5 23. Ne4 Rd5 24. Rf4 c5 25. Rg4 Rb7 26. Rg7 Rc7 27. Rg8+ Kd7 28. Rh8 Rh5 29. Rh7 Kc6 30. g4 1-0